mysqli: Table './ulib62015/stat_globaluid' is marked as crashed and should be repaired
select id from stat_globaluid where statuid='20260518004958_549'
mysqli: Table './ulib62015/stat_globaluid' is marked as crashed and should be repaired
DELETE FROM stat_globaluid
WHERE id NOT IN (
SELECT id
FROM (
SELECT id
FROM stat_globaluid
ORDER BY id DESC
LIMIT 100
) foo
);
mysqli: Table './ulib62015/stat_globaluid' is marked as crashed and should be repaired
insert into stat_globaluid set
statuid='20260518004958_549',
dt='1779040198',
phpself='/ULIB62015/dublinfull.php',
agent='Mozilla/5.0 AppleWebKit/537.36 (KHTML, like Gecko; compatible; ClaudeBot/1.0; +claudebot@anthropic.com)',
yea='2026',
mon='5',
dat='18',
ip='216.73.216.45'
mysqli: Table './ulib62015/stathist_viewbib_bib_type' is marked as crashed and should be repaired
insert into stathist_viewbib_bib_type set
dat='18' ,
mon='05' ,
yea='2026' ,
statuid='20260518004958_549' ,
head='29934' ,
foot='marc' ,
dt='1779040198'
| LEADER : 01174nam 2200277 a 4500 |
| 001 29934 |
| 003 ULIB |
| 008 030417s2542 caua sb 001 0 tha |
| 020 ^a9747980533
|
| 060 04 ^aQV767^bส316 2542
|
| 245 10 ^aสมุนไพรกับวัฒนธรรมไทย^nตอนที่ 2 :^bไม้ริมรั้ว /^cเพ็ญนภา ทรัพย์เจริญ, กัญจนา ดีวิเศษ, บรรณาธิการ
|
| 250 ^aพิมพ์ครั้งที่ 1
|
| 260 ^aกรุงเทพฯ :^bสถาบันการแพทย์แผนไทย กรมการแพทย์,^c2542
|
| 300 ^a231 หน้า :^bภาพประกอบ;^c21 ซม.
|
| 500 ^aจัดพิมพ์เนื่องในงานชุมนุมแพทย์แผนไทยและสมุนไพรแห่งชาติ ครั้งที่ 3
|
| 650 4 ^aสมุนไพร
|
| 700 0 ^aเพ็ญนภา ทรัพย์เจริญ,^eบรรณาธิการ
|
| 700 0 ^aกัญจนา ดีวิเศษ,^eบรรณาธิการ
|
| 710 2 ^aกระทรวงสาธารณสุข.^bกรมการแพทย์.^bสถาบันการแพทย์แผนไทย
|
| 710 2 ^aสถาบันการแพทย์แผนไทย
|
| 945 ^p230^l0^i010114 |
| 999 ^alib
|
| คุณยังไม่ได้ล็อกอิน คุณสามารถมีกิจกรรมร่วมกับเว็บไซต์ได้ แต่ต้องล็อกอินก่อน :: |
|
|
|
| ลำดับที่ |
ประเภท |
เลขเรียก/บาร์โค้ด |
สถานที่ |
สถานะ |
| 1. |
 หนังสือ | QV767 ส316 2542 Barcode: 010114 | หนังสือทั่วไป | บนชั้น ขอยืม |
รายการใกล้เคียง
หัวเรื่อง [สมุนไพร]
|
|
ยังไม่เคยถูกคอมเมนท์
|
| คอมเมนท์ทรัพยากรรายการนี้ |
|